| 000 -LEADER |
| fixed length control field |
00851cam a2200241 a 4500 |
| 020 ## - INTERNATIONAL STANDARD BOOK NUMBER |
| ISBN |
0889364982 (pbk.) |
| 040 ## - CATALOGING SOURCE |
| Transcribing agency |
DLC |
| 082 00 - DEWEY DECIMAL CLASSIFICATION NUMBER |
| Classification number |
630 INT 1987 A041 Or. |
| 110 2# - MAIN ENTRY--CORPORATE NAME |
| Corporate name or jurisdiction name as entry element |
International Society for Tropical Root Crops. |
| 245 00 - TITLE STATEMENT |
| Title |
Tropical root crops : |
| Remainder of title |
root crops and the African food crisis : proceedings of the Third Triennial Symposium of the International Society for Tropical Root Crops--Africa Branch held in Owerri, Nigeria, 17-23 August 1986 / |
| 260 ## - PUBLICATION, DISTRIBUTION, ETC. (IMPRINT) |
| Place of publication |
Ottawa, Ont., Canada : |
| Name of publisher |
International Development Research Centre, |
| Year of publication |
c1987. |
| 300 ## - PHYSICAL DESCRIPTION |
| Number of Pages |
iv, 197 p. ; |
| Dimensions |
25 cm. |
| 490 1# - SERIES STATEMENT |
| Series statement |
IDRC ; |
| 650 #0 - SUBJECT ADDED ENTRY--TOPICAL TERM |
| Topical Term |
Root crops |
| 650 #0 - SUBJECT ADDED ENTRY--TOPICAL TERM |
| Topical Term |
Root crops |
| 650 #0 - SUBJECT ADDED ENTRY--TOPICAL TERM |
| Topical Term |
Tropical crops |
| 650 #0 - SUBJECT ADDED ENTRY--TOPICAL TERM |
| Topical Term |
Tropical crops |
| 650 #0 - SUBJECT ADDED ENTRY--TOPICAL TERM |
| Topical Term |
Food supply |
| 700 1# - ADDED ENTRY--PERSONAL NAME |
| Personal name |
Terry, E. R. |
| 700 1# - ADDED ENTRY--PERSONAL NAME |
| Personal name |
Akoroda, M. O. |
| 700 1# - ADDED ENTRY--PERSONAL NAME |
| Personal name |
Arene, O. B. |
| 942 ## - ADDED ENTRY ELEMENTS (KOHA) |
| Koha item type |
សៀវភៅភាសាអង់គ្លេស |
| 952 ## - LOCATION AND ITEM INFORMATION (KOHA) |
| Withdrawn status [LOCAL, KOHA] |
0 |